Statistics for Wynncraft Archetypes

Click here to take the quiz!

General Stats

  • This quiz has been taken 19 times
  • The average score is 14 of 15

Answer Stats

HintAnswer% Correct
MageArcanist
100%
MageRiftwalker
100%
ArcherTrapper
100%
AssassinAcrobat
94%
ArcherBoltslinger
94%
MageLight Bender
94%
ArcherSharpshooter
94%
ShamanSummoner
94%
WarriorBattle Monk
88%
WarriorPaladin
88%
AssassinShadestepper
88%
AssassinTrickster
88%
ShamanAcolyte
81%
WarriorFallen
81%
ShamanRitualist
81%

Score Distribution

Percentile by Number Answered

Percent of People with Each Score

Your Score History

You have not taken this quiz